| 000 | 00433nam a2200145Ia 4500 | ||
|---|---|---|---|
| 008 | 231129s1995||||xx |||||||||||||| ||spa|| | ||
| 020 | _a84-7583-650-X | ||
| 040 | _bspa | ||
| 082 | _a658.8 C889p | ||
| 100 | _aCram Tony | ||
| 245 | 0 | _aEl poder del marketing relacional: Cómo implantar el marketing relacional en su empresa | |
| 260 | _c1995 | ||
| 264 | _aEdiciones Folio | ||
| 942 |
_2ddc _cBKS |
||
| 999 |
_c12116 _d12116 |
||